Представление документа в формате RUSMARC

ПолеНазваниеЗначение
  Тип записи c
  Библиографический уровень m
001 Контрольный номер RU/УОНБ/EK_N/354723277
005 Дата корректировки 20250914113920.6
010 Индекс ISBN __
9 Тираж 2000 экз.
013 Номер (ISMN) __
a Номер (ISMN) ISBN 978-5-222-16523-2
d Цена 133 р.
100 Данные общей обработки __
a Данные общей обработки 20110329d2010 u y0rusy0189||||ca
101 Язык документа 0_
a Язык текста rus
102 Страна публикации __
a Страна публикации RU
105 Кодированные данные (монография) __
a Кодированные данные (монография) y###||||000|y
125 Кодированные данные звукозаписи и нотных изданий __
a Форма изложения нотного текста с|
128 Кодированные данные (звукозаписи-физические характеристики) __
a Кодированные данные: Музыкальная форма и тональность или лад zz
c Инструменты или голоса, рекомендуемые для солистов (устаревшее) ka||
200 Заглавие и сведения об ответственности 1_
a Заглавие Вып. 2
f Первые сведения об ответственности сост. С. А. Барсукова
210 Выходные данные 1_
d Дата издания 2010
215 Физическое описание __
a Объем 108 c.
327 Примечание о содержании 11
a Примечание о содержании Содерж.: Бизе Ж. Сегидилья : из оперы "Кармен". - Гулак-Артемовский С. Романс Оксаны : из оперы "Запорожец за Дунаем". - Беллини В. Каватина Нормы : из оперы "Норма". - Пуччини Дж. Вальс Мюзетты : из оперы "Богема". - Кальман И. Дуэт Сильвы и Эдвина : из оперетты "Сильва". - Чайковский П. Па-де-де : из балета "Лебединое озеро". - Чайковский П. Вальс : из балета "Спящая красавица". - Чайковский П. Трепак : из балета "Щелкунчик". - Чайковский П. Марш : из балета "Щелкунчик". - Байнес С. Судьба : вальс. - Эбан Б. Первый взгляд : вальс. - Байер И. Вальс кукол на темы из балета "Фея кукол". - Цирер К. М. Венские красавицы : вальс. - Маршетти Ф. Очарование : вальс. - Сенневиль П. де Туссен О. Прогулка в лесу : вальс. - Туссен О. Возвышенная любовь. - Сенневиль П. де , Туссен О. Волшебный сад. - Сторони И. Амапа : бразильское танго. - Родригас Г. Кумпарсита. - Бродский Н. Танго : из кф. "Петер" / перелож. П. Марселя. - Прозоров Б. Поэтическое танго. - Тальяферри Э. Неаполь и Сорренто. - Ди Капуа Э. Хочу тебя целовать. - Нутиле В. Море синее играло. - Ой не свети, месяц : укр. нар. песня / обраб. Ю. Слонова. - Бабаев А. Любимые глаза. - Виетти Н. Купите фиалки : песня из кф. "Дорога". - Лей Ф. История любви. - Легран М. Отрывок : из вступления к кинофильму " Шербургские зонтики". - Косма Ж. Опавшие листья. - Кемпферт Б. Путники в ночи. - Андерсон Д. и Андерсон С. Ты знай. - Ливингстон Дж. Мона Лиза. - Шмитц М. Зимний вечер
461 Уровень набора _0
1 001RU/УОНБ/EK_N/348683514
1 200
a Брызги шампанского
b [Ноты]
e альбом для фп.
v Вып. 2
1 210
a Ростов-на-Дону
c Феникс
d [2009] -
1 225
a Любимые мелодии
464 Аналитический уровень _0
1 2001
a Сегидилья
e из оперы "Кармен"
1 700 1
a Бизе
b Ж.
4 230
1 50010
a Кармен
464 Аналитический уровень _0
1 2001
a Романс Оксаны
e из оперы "Запорожец за Дунаем"
1 700 1
a Гулак-Артемовский
b С.
4 230
1 50010
a Запорожец за Дунаем
464 Аналитический уровень _0
1 2001
a Каватина Нормы
e из оперы "Норма"
1 700 1
a Беллини
b В.
4 230
1 50010
a Норма
464 Аналитический уровень _0
1 2001
a Вальс Мюзетты
e из оперы "Богема"
1 700 1
a Пуччини
b Дж.
4 230
1 50010
a Богема
464 Аналитический уровень _0
1 2001
a Дуэт Сильвы и Эдвина
e из оперетты "Сильва"
1 700 1
a Кальман
b И.
4 230
1 50010
a Сильва
464 Аналитический уровень _0
1 2001
a Па-де-де
e из балета "Лебединое озеро"
1 700 1
a Чайковский
b П.
4 230
1 50010
a Лебединое озеро
464 Аналитический уровень _0
1 2001
a Вальс
e из балета "Спящая красавица"
1 700 1
a Чайковский
b П.
4 230
1 50010
a Спящая красавица
464 Аналитический уровень _0
1 2001
a Трепак
e из балета "Щелкунчик"
1 700 1
a Чайковский
b П.
4 230
1 50010
a Щелкунчик
464 Аналитический уровень _0
1 2001
a Марш
e из балета "Щелкунчик"
1 700 1
a Чайковский
b П.
4 230
1 50010
a Щелкунчик
464 Аналитический уровень _0
1 2001
a Судьба
e вальс
1 700 1
a Байнес
b С.
4 230
464 Аналитический уровень _0
1 2001
a Первый взгляд
e вальс
1 700 1
a Эбан
b Б.
4 230
464 Аналитический уровень _0
1 2001
a Вальс кукол
e на темы из балета "Фея кукол"
1 700 1
a Байер
b И.
4 230
1 50010
a Фея кукол
464 Аналитический уровень _0
1 2001
a Венские красавицы
e вальс
1 700 1
a Цирер
b К. М.
4 230
464 Аналитический уровень _0
1 2001
a Очарование
e вальс
1 700 1
a Маршетти
b Ф.
4 230
464 Аналитический уровень _0
1 2001
a Прогулка в лесу
e вальс
1 700 1
a Сенневиль
b П.
1 701 1
a Туссен
b О.
4 230
464 Аналитический уровень _0
1 2001
a Возвышенная любовь
1 700 1
a Туссен
b О.
4 230
464 Аналитический уровень _0
1 2001
a Волшебный сад
1 700 1
a Сенневиль
b П.
1 701 1
a Туссен
b О.
4 230
464 Аналитический уровень _0
1 2001
a Амапа
e бразильское танго
1 700 1
a Сторони
b И.
4 230
464 Аналитический уровень _0
1 2001
a Кумпарсита
1 700 1
a Родригас
b Г.
4 230
464 Аналитический уровень _0
1 2001
a Танго
e из кф. "Петер"
1 700 1
a Бродский
b Н.
4 230
1 50010
a Петер
464 Аналитический уровень _0
1 2001
a Поэтическое танго
1 700 1
a Прозоров
b Б.
4 230
464 Аналитический уровень _0
1 2001
a Неаполь и Сорренто
1 700 1
a Тальяферри
b Э.
4 230
464 Аналитический уровень _0
1 2001
a Хочу тебя целовать
1 700 1
a Ди Капуа
b Э.
4 230
464 Аналитический уровень _0
1 2001
a Море синее играло
1 700 1
a Нутиле
b В.
4 230
464 Аналитический уровень _0
1 2001
a Ой не свети, месяц
e укр. нар. песня
464 Аналитический уровень _0
1 2001
a Любимые глаза
1 700 1
a Бабаев
b А.
4 230
464 Аналитический уровень _0
1 2001
a Купите фиалки
e песня из кф. "Дорога"
1 700 1
a Виетти
b Н.
4 230
1 50010
a Дорога
464 Аналитический уровень _0
1 2001
a История любви
1 700 1
a Лей
b Ф.
4 230
464 Аналитический уровень _0
1 2001
a Отрывок
e из вступления к кинофильму " Шербургские зонтики"
1 700 1
a Легран
b М.
4 230
1 50010
a Шербургские зонтики
464 Аналитический уровень _0
1 2001
a Опавшие листья
1 700 1
a Косма
b Ж.
4 230
464 Аналитический уровень _0
1 2001
a Путники в ночи
1 700 1
a Кемпферт
b Б.
4 230
464 Аналитический уровень _0
1 2001
a Ты знай
1 700 1
a Андерсон
b Д.
1 701 1
a Андерсон
b С.
4 230
464 Аналитический уровень _0
1 2001
a Мона Лиза
1 700 1
a Ливингстон
b Дж.
4 230
464 Аналитический уровень _0
1 2001
a Зимний вечер
1 700 1
a Шмитц
b М.
4 230
512 Заглавие обложки 1_
a Заглавие обложки Брызги шампанского
606 Тематические рубрики 0_
a Основная рубрика Фортепиано
x Основная подрубрика Переложения для фортепиано
610 Ключевые слова 0_
a Ключевые слова фортепиано
610 Ключевые слова 0_
a Ключевые слова музыка кино
610 Ключевые слова 0_
a Ключевые слова отрывки из опер
610 Ключевые слова 0_
a Ключевые слова отрывки из балетов
610 Ключевые слова 0_
a Ключевые слова танго
610 Ключевые слова 0_
a Ключевые слова вальсы
610 Ключевые слова 0_
a Ключевые слова итальянские песни
610 Ключевые слова 0_
a Ключевые слова танцы
610 Ключевые слова 0_
a Ключевые слова эстрада
610 Ключевые слова 0_
a Ключевые слова джаз
686 Индексы других классификаций __
a Классификационный индекс 85.954.2я43
2 Код системы rubbk
702 Вторичная интеллектуальная ответственность _1
a Фамилия Барсукова
b Имя (инициалы) С. А.
4 Код отношения 220
801 Источник записи _0
a Страна RU
b Организация Ульяновская ОНБ
c Дата составления 20110329
g Правила каталогизации RCR
801 Источник записи _1
a Страна RU
b Организация IS
c Дата составления 20110329
g Правила каталогизации RCR
901 Тип документа __
t Тип документа n
w Контрольный № источника RU/УОНБ/EK_N/348683514
909 Создатель записи __
a Создатель записи Никитина Т. А.
910 Корректоры записи __
a Корректор записи Илямакова
938 Служебная информация __
a Имя БД noti
b Имя библиотеки УОНБ
c Имя АИБС МАРК-SQL
d Номер DOC_ID в БД 8602